[Event "Cappelle Online Rapid op"]
[Site "Europe Echecs INT"]
[Date "2021.03.06"]
[Round "9"]
[White "Martine, Valentin"]
[Black "Bassing, Cassandre"]
[Result "1-0"]
[WhiteElo "1688"]
[BlackElo "1191"]
[PlyCount "73"]
[EventDate "2021.03.06"]
[EventType "swiss (rapid)"]
[EventRounds "9"]
[EventCountry "FRA"]
[SourceTitle "CBM 201 Extra"]
[Source "ChessBase"]
[SourceDate "2021.05.31"]
[SourceVersion "1"]
[SourceVersionDate "2021.05.31"]
[SourceQuality "1"]

1. c4 d6 2. Nc3 e5 3. g3 Nf6 4. Bg2 Nbd7 5. Nf3 b6 6. Nxe5 Rb8 7. Nc6 Be7 8. Nxd8 Bxd8 9. 0-0 0-0 10. d4 c5 11. dxc5 dxc5 12. Bh3 Rb7 13. Bg5 h6 14. Bxf6 Bxf6 15. Qc2 Re8 16. Rad1 Ne5 17. Bxc8 Rxc8 18. Nd5 Ng6 19. Qf5 Re8 20. Nxf6+ gxf6 21. e3 Rbe7 22. Qxf6 Re6 23. Qc3 Ne5 24. b4 Nf3+ 25. Kg2 Ng5 26. Rd7 Ne4 27. Qb2 a6 28. bxc5 Nxc5 29. Rc7 Nd3 30. Qc3 Nc5 31. Rd1 Ne4 32. Qb2 Rf6 33. f3 Rfe6 34. fxe4 Rxe4 35. Qf6 Rf8 36. Rd8 Ree8 37. Rxe8 1-0

[Event "Cappelle Online Rapid op"]
[Site "Europe Echecs INT"]
[Date "2021.03.06"]
[Round "6"]
[White "Martine, Valentin"]
[Black "Breuil, Tristan"]
[Result "0-1"]
[WhiteElo "1688"]
[BlackElo "1973"]
[PlyCount "54"]
[EventDate "2021.03.06"]
[EventType "swiss (rapid)"]
[EventRounds "9"]
[EventCountry "FRA"]
[SourceTitle "CBM 201 Extra"]
[Source "ChessBase"]
[SourceDate "2021.05.31"]
[SourceVersion "1"]
[SourceVersionDate "2021.05.31"]
[SourceQuality "1"]

1. c4 Nf6 2. Nc3 e6 3. g3 d5 4. cxd5 exd5 5. d4 c6 6. Nf3 Bd6 7. Bg2 0-0 8. 0-0 Bf5 9. Qb3 b6 10. Re1 Re8 11. Nd2 Bc7 12. a4 Na6 13. e4 dxe4 14. Ndxe4 Qxd4 15. Be3 Qb4 16. Nd2 Qxb3 17. Nxb3 Nb4 18. Nd4 Be4 19. Nxe4 Nxe4 20. Rac1 Nd3 21. Bxe4 Rxe4 22. Rxc6 Nxe1 23. Rxc7 Rxd4 24. Kf1 Rd1 25. Ke2 Rb1 26. Bd2 Re8+ 27. Kf1 Nf3+ 0-1